World Capitals with Two Vowels - Statistics

General Stats
  • This quiz has been taken 2,120 times
  • The average score is 30 of 51
Answer Stats
Capital % Correct
London
88%
Paris
87%
Berlin
80%
Oslo
80%
Madrid
79%
Moscow
78%
Rome
77%
Lisbon
76%
Dublin
73%
Lima
72%
Athens
71%
Riga
71%
Tokyo
71%
Baku
66%
Tallinn
66%
Warsaw
65%
Zagreb
65%
Doha
63%
Rabat
63%
Kiev
62%
Tunis
62%
Stockholm
60%
Accra
59%
Dhaka
59%
Dakar
58%
Tehran
58%
Amman
57%
Baghdad
57%
Bangkok
57%
Brussels
57%
Suva
56%
Vaduz
56%
Lomé
55%
Dili
54%
Kabul
53%
Malé
53%
Muscat
53%
Juba
52%
Riyadh
52%
La Paz, Sucre
51%
Skopje
48%
Bishkek
46%
Tashkent
46%
Thimphu
43%
Yaren
42%
Kingston
41%
Kingstown
41%
Phnom Penh
41%
Banjul
40%
Pyongyang
40%
Conakry
22%
No matching quizzes found
Score Distribution
Percent of People with Each Score
Percentile by Number Answered
Your Score History
You have not taken this quiz